[Event "XIX Festival A"]
[Site "Arco ITA"]
[Date "2007.10.25"]
[Round "6"]
[White "Ricci, Alfredo"]
[Black "Schrott, Ernst"]
[Result "1-0"]
[WhiteElo "2010"]
[BlackElo "2103"]
[PlyCount "77"]
[EventDate "2007.10.20"]

1. e4 c5 2. Nf3 e6 3. d4 cxd4 4. Nxd4 Nf6 5. Bd3 Nc6 6. Nxc6 dxc6 7. O-O e5 8.
Kh1 Bc5 9. Qe1 h6 10. f4 Qb6 11. Nc3 Bd6 12. f5 Bd7 13. Be3 Qc7 14. a3 c5 15.
Nb5 Bxb5 16. Bxb5+ Nd7 17. Rd1 O-O-O 18. Bxd7+ Rxd7 19. c4 Be7 20. Rd5 Rxd5 21.
cxd5 Bg5 22. Bg1 h5 23. Qg3 Bh6 24. Qh3 f6 25. Qxh5 b6 26. Rf2 Qd8 27. Qf3 Bg5
28. Rc2 Kb8 29. b4 cxb4 30. axb4 Qd7 31. Rc6 Rc8 32. b5 Rxc6 33. bxc6 Qe7 34.
Qb3 Bd2 35. Qb5 Bb4 36. Qa6 Qc7 37. g4 Qc8 38. Qb5 Qf8 39. Bxb6 1-0

[Event "XIX Festival A"]
[Site "Arco ITA"]
[Date "2007.10.25"]
[Round "6"]
[White "Rigo, Gianfrancesco"]
[Black "Trauth, Michael"]
[Result "0-1"]
[WhiteElo "2063"]
[BlackElo "2180"]
[PlyCount "58"]
[EventDate "2007.10.20"]

1. e4 c5 2. Nc3 Nc6 3. f4 g6 4. Nf3 Bg7 5. Bc4 e6 6. O-O Nge7 7. Qe1 O-O 8. d3
d5 9. Bb3 Na5 10. Bd2 Nxb3 11. axb3 b6 12. f5 exf5 13. Qh4 fxe4 14. dxe4 dxe4
15. Ng5 h6 16. Ngxe4 Nf5 17. Qxd8 Rxd8 18. g4 Nd4 19. g5 Nxc2 20. gxh6 Bd4+ 21.
Kg2 Nxa1 22. Bg5 Bb7 23. h7+ Kg7 24. Kh3 f5 25. Bxd8 Bxe4 26. Nxe4 fxe4 27.
Rxa1 Rxd8 28. Rxa7+ Kh8 29. Kg4 Re8 0-1

[Event "XIX Festival A"]
[Site "Arco ITA"]
[Date "2007.10.25"]
[Round "6"]
[White "Salvador, Roland"]
[Black "Aagaard, Jacob"]
[Result "1/2-1/2"]
[WhiteElo "2456"]
[BlackElo "2535"]
[PlyCount "32"]
[EventDate "2007.10.20"]

1. d4 Nf6 2. Nf3 e6 3. c4 c5 4. d5 b5 5. Bg5 exd5 6. cxd5 d6 7. e4 a6 8. a4 Be7
9. axb5 Nxe4 10. Be3 O-O 11. Bd3 Nf6 12. O-O Bb7 13. Nc3 axb5 14. Rxa8 Bxa8 15.
Bxb5 Nbd7 16. Bc4 Nb6 1/2-1/2

[Event "XIX Festival A"]
[Site "Arco ITA"]
[Date "2007.10.25"]
[Round "6"]
[White "Schaefer, Michael"]
[Black "Hackbarth, Wolfgang"]
[Result "1/2-1/2"]
[WhiteElo "2247"]
[BlackElo "2119"]
[PlyCount "30"]
[EventDate "2007.10.20"]

1. d4 Nf6 2. c4 g6 3. Nc3 Bg7 4. Nf3 d6 5. Bf4 O-O 6. h3 b6 7. e3 Bb7 8. Be2
Nbd7 9. Qc2 e5 10. Bh2 exd4 11. exd4 Re8 12. O-O Ne4 13. Nxe4 Bxe4 14. Qd2 Nf6
15. Bf4 Bb7 1/2-1/2

[Event "XIX Festival A"]
[Site "Arco ITA"]
[Date "2007.10.25"]
[Round "6"]
[White "Sigillo, Carmelo"]
[Black "Minniti, Giuseppe"]
[Result "1-0"]
[WhiteElo "1595"]
[BlackElo "1827"]
[PlyCount "65"]
[EventDate "2007.10.20"]

1. e4 d5 2. exd5 Nf6 3. d4 Bg4 4. Be2 Bxe2 5. Qxe2 Qxd5 6. Nf3 Nc6 7. c4 Qf5 8.
O-O e6 9. d5 Nb4 10. dxe6 O-O-O 11. Nc3 fxe6 12. a3 Nc6 13. Re1 e5 14. Be3 Ng4
15. Bg5 Re8 16. h3 h5 17. Rad1 Bc5 18. Ne4 Nd4 19. Nxd4 Bxd4 20. hxg4 hxg4 21.
Qd3 Bxf2+ 22. Nxf2 Qxg5 23. Qd7+ Kb8 24. Qxg4 Qe7 25. Rd7 Qf6 26. Qxg7 Qh4 27.
Rxc7 Qd4 28. Rxb7+ Ka8 29. Rd1 Qe3 30. Rb5 Rb8 31. Rxb8+ Rxb8 32. Qf6 Qc5 33.
Qf3+ 1-0

[Event "XIX Festival A"]
[Site "Arco ITA"]
[Date "2007.10.25"]
[Round "6"]
[White "Stolfa, Rodolfo"]
[Black "Ben Houidi, Lassaad"]
[Result "1-0"]
[WhiteElo "1926"]
[BlackElo "1599"]
[PlyCount "30"]
[EventDate "2007.10.20"]

1. d4 d5 2. Nf3 g6 3. c4 c6 4. cxd5 cxd5 5. Bf4 Bg7 6. Nc3 Nf6 7. Qc1 Nc6 8. e3
Bf5 9. Bb5 Rc8 10. O-O Bd7 11. h3 O-O 12. Qd1 a6 13. Bd3 e6 14. Rc1 Qb6 15. Na4
Nb4 1-0

[Event "XIX Festival A"]
[Site "Arco ITA"]
[Date "2007.10.25"]
[Round "6"]
[White "Thonig, Manfred"]
[Black "Wagner, Frank"]
[Result "0-1"]
[WhiteElo "1739"]
[BlackElo "1961"]
[PlyCount "104"]
[EventDate "2007.10.20"]

1. d4 Nf6 2. f4 g6 3. e3 Bg7 4. Nf3 O-O 5. b3 d5 6. Bd3 Bg4 7. O-O Nc6 8. Qe1
Qc8 9. c4 Bf5 10. Bxf5 Qxf5 11. Ne5 dxc4 12. bxc4 a5 13. Nc3 Nb4 14. e4 Qc8 15.
Qd1 c5 16. d5 Nd7 17. Bd2 Nxe5 18. fxe5 Bxe5 19. a3 Bd4+ 20. Kh1 Nd3 21. Qe2
Ne5 22. h3 f5 23. Rac1 fxe4 24. Rxf8+ Qxf8 25. Rf1 Qg7 26. Nxe4 Rf8 27. Rxf8+
Qxf8 28. Bxa5 Qa8 29. Bb6 Qxa3 30. Qf1 Qe3 31. d6 Qxe4 32. dxe7 Nf7 33. Bd8 Qe6
34. Qb1 Nd6 35. Qf1 Qf7 36. Qe2 Ne8 37. Qd3 Qf5 38. Qe2 Be5 39. Qd1 Qf4 40. Qg1
Kf7 41. Bb6 Bd4 42. Qe1 Qf2 43. Qb1 Be5 44. Qd1 Qd4 45. Qe1 Kxe7 46. Ba5 Nd6
47. Bd2 Ne4 48. Qh4+ Nf6 49. Qe1 Kd6 50. Bh6 Ne4 51. Be3 Qd3 52. Qg1 Ng3+ 0-1

[Event "XIX Festival A"]
[Site "Arco ITA"]
[Date "2007.10.25"]
[Round "6"]
[White "Tocco, Paolo"]
[Black "McClement, Andrew"]
[Result "1-0"]
[WhiteElo "2159"]
[BlackElo "1594"]
[PlyCount "71"]
[EventDate "2007.10.20"]

1. d4 Nf6 2. Nc3 d5 3. e4 Nxe4 4. Nxe4 dxe4 5. Bc4 Nc6 6. c3 e5 7. d5 Nb8 8. f3
Bd6 9. Qe2 Bf5 10. h4 exf3 11. Nxf3 O-O 12. Be3 Nd7 13. O-O-O Bg4 14. Qc2 f5
15. Rde1 Nf6 16. Ng5 Qe7 17. Bb3 h6 18. Ne6 Rf7 19. a3 f4 20. Bd2 Nxd5 21. Nxf4
Nxf4 22. Bxf4 Be6 23. Be3 Raf8 24. g4 Rf3 25. h5 Kh8 26. Bxe6 Qxe6 27. g5 Rg3
28. gxh6 gxh6 29. Rhg1 Rfg8 30. Rxg3 Rxg3 31. Qf2 e4 32. Bd4+ Kh7 33. Rxe4 Qg8
34. Qf5+ Rg6 35. Rg4 Bf4+ 36. Rxf4 1-0

[Event "XIX Festival A"]
[Site "Arco ITA"]
[Date "2007.10.25"]
[Round "6"]
[White "Viviani, Mario"]
[Black "Savarese, Vincenzo"]
[Result "0-1"]
[WhiteElo "1800"]
[BlackElo "1859"]
[PlyCount "62"]
[EventDate "2007.10.20"]

1. c4 e5 2. Nc3 Nf6 3. g3 d5 4. cxd5 Nxd5 5. Bg2 Nxc3 6. bxc3 Nc6 7. Rb1 Bc5 8.
Bxc6+ bxc6 9. Qa4 O-O 10. Qxc6 Bf5 11. d3 Qe7 12. Be3 Bxe3 13. fxe3 Rab8 14.
Rxb8 Rxb8 15. Qa4 Qc5 16. Kf2 Qxc3 17. Nf3 Bxd3 18. Nxe5 Qxe5 19. exd3 Rb2+ 20.
Kf3 Qf5+ 21. Qf4 Qxd3 22. Qe5 Qe2+ 23. Kf4 Rb4+ 24. e4 h5 25. Qf5 g6 26. Qe5
Qf2+ 27. Kg5 Qd2+ 28. Qf4 Qd8+ 29. Kh6 Qf8+ 30. Kg5 Qe7+ 31. Kh6 Rb5 0-1

[Event "XIX Festival A"]
[Site "Arco ITA"]
[Date "2007.10.25"]
[Round "6"]
[White "Zordan, Diego"]
[Black "Paltrinieri, Nicholas"]
[Result "0-1"]
[WhiteElo "1607"]
[BlackElo "1891"]
[PlyCount "64"]
[EventDate "2007.10.20"]

1. d4 f5 2. c4 Nf6 3. Nc3 e6 4. Bg5 Be7 5. Nf3 O-O 6. e3 d6 7. Bd3 b6 8. Rc1
Bb7 9. O-O Nbd7 10. Re1 Ne4 11. Bxe7 Qxe7 12. Bxe4 fxe4 13. Nd2 Nf6 14. Qc2 d5
15. cxd5 exd5 16. f3 exf3 17. Nxf3 c5 18. Ne5 Nd7 19. Nxd7 Qxd7 20. Qd3 Rad8
21. b3 Rfe8 22. Rc2 Re6 23. Rce2 Qe7 24. Rc2 Rh6 25. Rf2 Rh4 26. Ref1 Rh6 27.
e4 cxd4 28. Qxd4 Ba6 29. Nxd5 Qd7 30. Rd1 Rd6 31. Qe5 h6 32. Ne7+ Qxe7 0-1

[Event "XIX Festival A"]
[Site "Arco ITA"]
[Date "2007.10.25"]
[Round "6"]
[White "Zucchelli, Massimo"]
[Black "Vuelban, Virgilio"]
[Result "1-0"]
[WhiteElo "2118"]
[BlackElo "2399"]
[PlyCount "113"]
[EventDate "2007.10.20"]

1. d4 Nf6 2. c4 g6 3. Nc3 Bg7 4. e4 d6 5. Be2 O-O 6. Bg5 c5 7. d5 e6 8. Qd2
exd5 9. exd5 Re8 10. Nf3 Na6 11. O-O Nc7 12. Rfe1 a6 13. a4 b6 14. Bd3 Rxe1+
15. Rxe1 Qf8 16. Qf4 Nce8 17. Qd2 h6 18. Bf4 Nh5 19. Be3 Bd7 20. h3 Nc7 21. g4
Nf6 22. b3 Rb8 23. Bf4 b5 24. axb5 axb5 25. Kg2 Rb6 26. Ne2 h5 27. g5 Nh7 28.
Ng3 bxc4 29. bxc4 Qc8 30. Ng1 Rb2 31. Qc1 Ne8 32. Qd1 Qd8 33. Nf3 Nf8 34. Bc1
Rb8 35. Qe2 Ba4 36. Ne4 Nd7 37. Bf4 Rb2 38. Qe3 Nf8 39. Rb1 Rxb1 40. Bxb1 Qe7
41. Nxd6 Qxe3 42. fxe3 Nxd6 43. Bxd6 Nd7 44. h4 Bc3 45. Kf2 Kg7 46. Ke2 f6 47.
Kd3 Ba1 48. Bc2 Bxc2+ 49. Kxc2 Kf7 50. Kb3 fxg5 51. hxg5 Bh8 52. Ka4 Bc3 53.
Kb5 Bb4 54. Ne5+ Nxe5 55. Bxe5 h4 56. Kc6 h3 57. Bh2 1-0

[Event "XIX Festival A"]
[Site "Arco ITA"]
[Date "2007.10.26"]
[Round "7"]
[White "Aagaard, Jacob"]
[Black "Dittmar, Peter"]
[Result "1-0"]
[WhiteElo "2535"]
[BlackElo "2318"]
[PlyCount "71"]
[EventDate "2007.10.20"]

1. d4 d5 2. Bf4 c5 3. e3 Nc6 4. c3 cxd4 5. exd4 Nf6 6. Bd3 Bg4 7. Qb3 Qc8 8.
Nd2 e6 9. Ngf3 Be7 10. O-O O-O 11. Ne5 Bh5 12. Bg5 Ne8 13. Bxe7 Nxe7 14. Qc2
Bg6 15. Nxg6 hxg6 16. Nf3 Nf6 17. Qe2 Nc6 18. Rae1 Qc7 19. Ne5 Nxe5 20. dxe5
Nd7 21. h4 Rfe8 22. h5 gxh5 23. Qxh5 f5 24. exf6 Nxf6 25. Qh4 Qf7 26. Re5 Red8
27. Rfe1 Rd6 28. R1e3 Rad8 29. Rg3 Ne4 30. Rf3 Nf6 31. g4 d4 32. c4 Qc7 33. g5
R6d7 34. gxf6 gxf6 35. Rg3+ Rg7 36. Qh7+ 1-0

[Event "XIX Festival A"]
[Site "Arco ITA"]
[Date "2007.10.26"]
[Round "7"]
[White "Ben Houidi, Lassaad"]
[Black "Bini, Gabriele"]
[Result "1/2-1/2"]
[WhiteElo "1599"]
[BlackElo "1736"]
[PlyCount "54"]
[EventDate "2007.10.20"]

1. e4 Nf6 2. e5 Nd5 3. c4 Nb6 4. d4 d6 5. exd6 exd6 6. Nf3 Nc6 7. Bd3 Bg4 8.
Be3 Be7 9. O-O Bf6 10. Re1 O-O 11. Be2 Bxf3 12. gxf3 Nd7 13. Nc3 Ne7 14. Bd3 c5
15. Be4 Rb8 16. Rc1 Nc6 17. Bxc6 bxc6 18. b3 cxd4 19. Bxd4 Ne5 20. Be3 Qd7 21.
Ne4 Qh3 22. Ng3 h5 23. f4 Ng4 24. Nf1 Rbe8 25. Qxd6 Qf3 26. Nd2 Qh3 27. Nf1 Qf3
1/2-1/2

[Event "XIX Festival A"]
[Site "Arco ITA"]
[Date "2007.10.26"]
[Round "7"]
[White "Bernardi, Ruben"]
[Black "Tocco, Paolo"]
[Result "0-1"]
[WhiteElo "2107"]
[BlackElo "2159"]
[PlyCount "80"]
[EventDate "2007.10.20"]

1. e4 e5 2. Bc4 Nc6 3. Nf3 f5 4. d4 exd4 5. Nxd4 Nxd4 6. Qxd4 fxe4 7. Nc3 c6 8.
Bf4 Nf6 9. O-O-O d5 10. Nxe4 Nxe4 11. Rhe1 Qf6 12. Be5 Qh6+ 13. Kb1 Bc5 14. Qd3
Be6 15. Bxd5 Bxd5 16. Rxe4 O-O 17. Rg4 Rf7 18. f4 Be7 19. Ka1 Be6 20. Rg3 Bf8
21. h3 Qh5 22. Qf1 Qf5 23. Qe2 Rd7 24. Re1 Rad8 25. Bc3 Bf7 26. Rf3 Qe6 27. b3
Rd1+ 28. Kb2 Rxe1 29. Qxe1 Qxe1 30. Bxe1 Be7 31. Ba5 Rd1 32. Bc3 Bf6 33. g4 Bd5
34. Re3 Kf7 35. Bxf6 gxf6 36. h4 b5 37. g5 Rh1 38. gxf6 Kxf6 39. Re8 Rxh4 40.
Rf8+ Kg7 0-1

[Event "XIX Festival A"]
[Site "Arco ITA"]
[Date "2007.10.26"]
[Round "7"]
[White "Bortolotti, Silvano"]
[Black "Papa, Angelo"]
[Result "1/2-1/2"]
[WhiteElo "1771"]
[BlackElo "1903"]
[PlyCount "40"]
[EventDate "2007.10.20"]

1. e4 g6 2. Nc3 Bg7 3. f4 c6 4. d4 d5 5. e5 Nh6 6. Nf3 O-O 7. Bd3 Bg4 8. O-O f6
9. Ne2 fxe5 10. dxe5 Qb6+ 11. Kh1 Bxf3 12. Rxf3 e6 13. Qe1 Nd7 14. c3 Qd8 15.
Nd4 Qe7 16. Rg3 a6 17. a4 c5 18. Nf3 Nf5 19. Bxf5 Rxf5 20. Rh3 Rff8 1/2-1/2

[Event "XIX Festival A"]
[Site "Arco ITA"]
[Date "2007.10.26"]
[Round "7"]
[White "Bossoni, Mario"]
[Black "Moratto, Davide"]
[Result "1-0"]
[WhiteElo "1993"]
[BlackElo "1855"]
[PlyCount "47"]
[EventDate "2007.10.20"]

1. e4 c5 2. d4 cxd4 3. c3 dxc3 4. Nxc3 Nc6 5. Nf3 d6 6. Bc4 e6 7. O-O Nf6 8.
Qe2 a6 9. Rd1 Be7 10. e5 Ng4 11. exd6 Bxd6 12. Ne4 O-O 13. Nxd6 Qc7 14. Bg5 h6
15. Bh4 b5 16. Bb3 Qb6 17. h3 Nf6 18. Bxf6 gxf6 19. Ne4 Kg7 20. Ng3 f5 21. Rd6
Qc5 22. Nh5+ Kg8 23. Qd2 Kh7 24. Rc1 1-0

[Event "XIX Festival A"]
[Site "Arco ITA"]
[Date "2007.10.26"]
[Round "7"]
[White "Collato, Luca"]
[Black "Rossi, Paolo"]
[Result "1/2-1/2"]
[WhiteElo "1512"]
[BlackElo "1884"]
[PlyCount "82"]
[EventDate "2007.10.20"]

1. d4 g6 2. Nf3 Bg7 3. Bf4 d6 4. e3 Nd7 5. Bd3 e6 6. c3 Ne7 7. Nbd2 h6 8. Qe2
a6 9. O-O b6 10. e4 Bb7 11. e5 d5 12. Bg3 g5 13. Rac1 Nf8 14. b3 Nfg6 15. h4 g4
16. Nh2 h5 17. f3 Nf5 18. Bxf5 exf5 19. fxg4 hxg4 20. e6 Nxh4 21. exf7+ Kf8 22.
Qe8+ Qxe8 23. fxe8=Q+ Rxe8 24. Nxg4 Bc8 25. Ne5 Bxe5 26. Bxe5 Rg8 27. g3 c6 28.
Kh2 Ng6 29. Nf3 b5 30. Rce1 Ke7 31. Rf2 Bd7 32. Rfe2 Kd8 33. Bf6+ Kc7 34. Rxe8
Rxe8 35. Rxe8 Bxe8 36. Be5+ Kd8 37. Kh3 Ke7 38. g4 fxg4+ 39. Kxg4 Nf8 40. Ne1
Bg6 41. Bc7 Nd7 1/2-1/2

[Event "XIX Festival A"]
[Site "Arco ITA"]
[Date "2007.10.26"]
[Round "7"]
[White "Coqueraut, Jean Dominique"]
[Black "De Nisi, Roberta"]
[Result "1-0"]
[WhiteElo "2061"]
[BlackElo "1845"]
[PlyCount "120"]
[EventDate "2007.10.20"]

1. d4 f5 2. c4 Nf6 3. Nc3 g6 4. g3 Bg7 5. Bg2 d6 6. Nf3 O-O 7. O-O c6 8. b3 Qe8
9. Ba3 Na6 10. Rc1 Nc7 11. Re1 Ne4 12. Nxe4 fxe4 13. Nd2 d5 14. e3 Ne6 15. cxd5
cxd5 16. f3 Qf7 17. Rf1 Bh6 18. Qe2 Qg7 19. fxe4 Rxf1+ 20. Rxf1 Nxd4 21. exd4
Qxd4+ 22. Kh1 Qxd2 23. Qxd2 Bxd2 24. exd5 Bg5 25. h4 Bf6 26. d6 Kg7 27. dxe7
Bd7 28. Bxb7 Rb8 29. Bd5 Rb5 30. Bg2 Ra5 31. Bc1 Bxe7 32. Bb2+ Kh6 33. Rf7 Bxh4
34. gxh4 Be6 35. Bc1+ Kh5 36. Rxh7+ Kg4 37. Re7 Bf5 38. Be4 Kxh4 39. Bxf5 gxf5
40. Re2 Kg3 41. Kg1 Rc5 42. Be3 Rd5 43. Bf2+ Kf3 44. Re3+ Kf4 45. Kg2 Rd2 46.
a4 a6 47. Rc3 Rb2 48. Rc4+ Ke5 49. b4 Kd5 50. Rh4 Re2 51. b5 axb5 52. axb5 Rb2
53. b6 Ke5 54. Rc4 Kd5 55. Rc5+ Ke6 56. Rc7 Kd6 57. Rc8 Kd7 58. Rc3 Ke6 59. Kf3
Rb4 60. Rc6+ Ke5 1-0

[Event "XIX Festival A"]
[Site "Arco ITA"]
[Date "2007.10.26"]
[Round "7"]
[White "Coqueraut, Lodewyk"]
[Black "Dieli, Riccardo"]
[Result "1-0"]
[WhiteElo "1926"]
[BlackElo "1775"]
[PlyCount "71"]
[EventDate "2007.10.20"]

1. d4 Nf6 2. c4 c5 3. d5 d6 4. Nc3 e6 5. e4 Be7 6. Bg5 Nxd5 7. Bxe7 Nxe7 8. Qd2
Nbc6 9. Nf3 e5 10. Nb5 Nd4 11. Nfxd4 cxd4 12. Bd3 a6 13. Na3 Ng6 14. O-O-O Be6
15. Kb1 Rc8 16. Rc1 O-O 17. g3 f6 18. h4 Rc6 19. h5 Ne7 20. f4 f5 21. Rcg1 fxe4
22. Bxe4 Bf5 23. Bxf5 Nxf5 24. g4 Ne3 25. f5 Nxc4 26. Nxc4 Rxc4 27. h6 Qf6 28.
hxg7 Qxg7 29. Qg2 Rc5 30. Rh5 d5 31. Qd2 Kh8 32. Rg5 Qf6 33. Rh1 Rf7 34. Rg6
Qe7 35. Re6 Qc7 36. Re8+ 1-0

[Event "XIX Festival A"]
[Site "Arco ITA"]
[Date "2007.10.26"]
[Round "7"]
[White "Cracco, Pietro"]
[Black "Zordan, Diego"]
[Result "1/2-1/2"]
[WhiteElo "2041"]
[BlackElo "1607"]
[PlyCount "95"]
[EventDate "2007.10.20"]

1. Nf3 d5 2. g3 c5 3. Bg2 Nc6 4. d3 Bg4 5. Nbd2 Nf6 6. h3 Bh5 7. O-O e6 8. e4
Bd6 9. Qe1 Qc7 10. c3 O-O 11. Nh4 Ne5 12. Qe3 Rfe8 13. g4 d4 14. Qe2 Nfxg4 15.
hxg4 Nxg4 16. Nhf3 dxc3 17. bxc3 Bh2+ 18. Kh1 f5 19. e5 Nxe5 20. Qe3 Ng4 21.
Qg5 g6 22. Nc4 Rad8 23. Ne3 Bf4 24. Qh4 Rxd3 25. Nxg4 Bxg4 26. Bxf4 Qxf4 27.
Ng5 Qc7 28. Rae1 e5 29. Re3 Rxe3 30. Bd5+ Kh8 31. fxe3 Bh5 32. Ne6 Rxe6 33.
Bxe6 Qc6+ 34. Kg1 Qxe6 35. Rb1 b6 36. Rb2 Qd6 37. Qe1 Qd1 38. Qxd1 Bxd1 39. Rd2
Ba4 40. Rd8+ Kg7 41. Ra8 a5 42. Ra6 b5 43. Rxa5 c4 44. Ra6 Kh6 45. Re6 e4 46.
Re5 Kg5 47. Kf2 Kg4 48. Re6 1/2-1/2

[Event "XIX Festival A"]
[Site "Arco ITA"]
[Date "2007.10.26"]
[Round "7"]
[White "De Napoli, Giuseppe"]
[Black "Blasco, Domenico"]
[Result "1-0"]
[WhiteElo "2033"]
[BlackElo "1969"]
[PlyCount "79"]
[EventDate "2007.10.20"]

1. d4 Nf6 2. Bf4 g6 3. e3 Bg7 4. Nf3 O-O 5. Be2 d6 6. O-O c5 7. c3 h6 8. h3 b6
9. a4 Nc6 10. d5 Na5 11. Na3 Bf5 12. Nc4 Nxd5 13. Qxd5 Be6 14. Qe4 d5 15. Qc2
dxc4 16. Rfd1 Qc8 17. Ne5 Bf5 18. e4 Be6 19. Bh2 Rd8 20. Ng4 Rxd1+ 21. Rxd1 Qe8
22. f4 Bxg4 23. hxg4 Rd8 24. e5 e6 25. Bg3 Rxd1+ 26. Qxd1 f6 27. exf6 Bxf6 28.
Qc2 Kg7 29. Qe4 Qxa4 30. g5 hxg5 31. fxg5 Bxg5 32. Qxe6 Bf6 33. Bf3 Qa1+ 34.
Kh2 Qxb2 35. Qd7+ Kh6 36. Bf4+ g5 37. Qh3+ Kg7 38. Qd7+ Kh6 39. Qf7 Qxc3 40.
Be4 1-0

[Event "XIX Festival A"]
[Site "Arco ITA"]
[Date "2007.10.26"]
[Round "7"]
[White "Donatini, Andrea"]
[Black "Stolfa, Rodolfo"]
[Result "1-0"]
[WhiteElo "2044"]
[BlackElo "1926"]
[PlyCount "75"]
[EventDate "2007.10.20"]

1. c4 c5 2. Nc3 Nf6 3. g3 g6 4. Bg2 Bg7 5. Nf3 O-O 6. O-O d6 7. d4 Nbd7 8. h3
cxd4 9. Nxd4 Nb6 10. b3 Rb8 11. e4 Nfd7 12. Be3 Ne5 13. Rc1 Nc6 14. Qd2 Re8 15.
Rfd1 Bd7 16. Nde2 a6 17. Nd5 Nxd5 18. cxd5 Ne5 19. f4 Bxh3 20. fxe5 Bxg2 21.
Kxg2 Bxe5 22. Bd4 Qd7 23. Bxe5 dxe5 24. Rh1 Qg4 25. Rh3 Qd7 26. Qh6 e6 27.
Qxh7+ Kf8 28. Qh8+ Ke7 29. Qxe5 Rbc8 30. dxe6 Qxe6 31. Qxe6+ Kxe6 32. Rhh1 Rb8
33. Rhd1 Kf6 34. Kf3 g5 35. Rd6+ Kg7 36. Nd4 f6 37. Nf5+ Kg6 38. Rc7 1-0

[Event "XIX Festival A"]
[Site "Arco ITA"]
[Date "2007.10.26"]
[Round "7"]
[White "Ferrari, Michele"]
[Black "Fragni, Enrico"]
[Result "1-0"]
[WhiteElo "1819"]
[BlackElo "1764"]
[PlyCount "147"]
[EventDate "2007.10.20"]

1. d4 c6 2. e3 d6 3. Bd3 e5 4. c4 Nf6 5. Nc3 Bg4 6. f3 Bh5 7. Nge2 Be7 8. O-O
Nbd7 9. Bd2 Qc7 10. a4 a5 11. Rc1 O-O 12. Qe1 Bg6 13. Bxg6 hxg6 14. e4 Nh7 15.
d5 Nc5 16. Qd1 f5 17. Be3 Nf6 18. Qc2 f4 19. Bxc5 dxc5 20. Nd1 Kf7 21. Nf2 Rh8
22. Rcd1 Rad8 23. Qc3 Bd6 24. Nh3 Rh5 25. Qd3 g5 26. Nf2 Qd7 27. h3 cxd5 28.
exd5 Rdh8 29. Ng4 g6 30. Nc3 Re8 31. Rde1 Qf5 32. Qxf5 gxf5 33. Nxf6 Kxf6 34.
Nb5 Bb8 35. Rf2 Rh7 36. Rfe2 Rd7 37. Nc3 Bd6 38. Rd1 Rh7 39. Nb5 Ke7 40. Rde1
Kd7 41. Kf2 Rg7 42. b3 Bb8 43. Nc3 Bd6 44. Nb5 g4 45. hxg4 fxg4 46. Rh1 g3+ 47.
Kf1 Ree7 48. Rh6 Bb8 49. Ke1 Rh7 50. Rb6 Rh1+ 51. Kd2 Kc8 52. Rf6 Kd7 53. Nc3
Ra1 54. Kc2 Bc7 55. Kb2 Rh1 56. Ne4 Reh7 57. Nxc5+ Ke7 58. Re6+ Kf8 59. d6 Bb6
60. d7 Rd1 61. Re8+ Kf7 62. R2xe5 Bxc5 63. d8=Q Bd4+ 64. Kc2 Bxe5 65. Kxd1 Rh1+
66. Kc2 Re1 67. Qd7+ Kg6 68. Rg8+ Kf6 69. Rf8+ Kg6 70. Qf7+ Kh6 71. Rg8 Re2+
72. Kd1 Re1+ 73. Kxe1 Bc3+ 74. Kd1 1-0

[Event "XIX Festival A"]
[Site "Arco ITA"]
[Date "2007.10.26"]
[Round "7"]
[White "Giaracuni, Claudio"]
[Black "Moro, Roberto"]
[Result "1/2-1/2"]
[WhiteElo "1759"]
[BlackElo "1887"]
[PlyCount "107"]
[EventDate "2007.10.20"]

1. d4 Nf6 2. Nc3 d6 3. Bg5 g6 4. e4 Bg7 5. h3 O-O 6. Nf3 h6 7. Bh4 Nh7 8. Bc4
Nd7 9. O-O c5 10. dxc5 dxc5 11. Qe2 Bxc3 12. bxc3 g5 13. Bg3 e6 14. Bd6 Re8 15.
Rfd1 Qf6 16. Bb5 e5 17. Nxe5 Re6 18. Nxd7 Bxd7 19. e5 Bxb5 20. Qxb5 Qf5 21.
Qxb7 Ree8 22. Rd5 g4 23. Rxc5 gxh3 24. gxh3 Ng5 25. Qg2 Kh7 26. e6 Qxe6 27. Bg3
Nxh3+ 28. Kh2 Ng5 29. Re5 Qg6 30. Rxe8 Rxe8 31. Kg1 Qh5 32. Qh1 Qe2 33. Qg2 Re4
34. f3 Nxf3+ 35. Kh1 Qxg2+ 36. Kxg2 Ng5 37. Bb8 Re2+ 38. Kf1 Rxc2 39. Bxa7 Rxc3
40. a4 Rc6 41. a5 Ra6 42. Bb6 Ne4 43. Rd1 Kg6 44. Rd7 Nc3 45. Ra7 Rxa7 46. Bxa7
Nb5 47. Bb6 h5 48. a6 h4 49. a7 Nxa7 50. Bxa7 Kg5 51. Kg2 Kg4 52. Bb8 f5 53.
Be5 f4 54. Bxf4 1/2-1/2

[Event "XIX Festival A"]
[Site "Arco ITA"]
[Date "2007.10.26"]
[Round "7"]
[White "Grom, Waldemar"]
[Black "Castellano, Alfonso"]
[Result "1/2-1/2"]
[WhiteElo "2014"]
[BlackElo "1926"]
[PlyCount "74"]
[EventDate "2007.10.20"]

1. c4 b6 2. Nc3 Bb7 3. Nf3 d6 4. d4 Nf6 5. d5 g6 6. e4 Nbd7 7. Be2 Bg7 8. h3
Nc5 9. Qc2 a5 10. O-O O-O 11. Be3 Ncd7 12. Bd4 c6 13. Rad1 c5 14. Be3 Re8 15.
Bf4 Rc8 16. Bh2 Qc7 17. Nb5 Qb8 18. e5 dxe5 19. d6 e6 20. Nxe5 Red8 21. Bf3 Ne8
22. Nxd7 Rxd7 23. Bxb7 Qxb7 24. Rfe1 Bf8 25. Rd2 Rcd8 26. Red1 Qc6 27. Bf4 Nxd6
28. Bg5 Rb8 29. Qc3 Ne4 30. Qe5 Nxd2 31. Rxd2 Rbb7 32. Rxd7 Qxd7 33. Bf6 Qc6
34. h4 h5 35. Nc3 Qd6 36. Qe4 Rd7 37. Qa8 Qd2 1/2-1/2

[Event "XIX Festival A"]
[Site "Arco ITA"]
[Date "2007.10.26"]
[Round "7"]
[White "Hackbarth, Wolfgang"]
[Black "Bonade', Massimo"]
[Result "1-0"]
[WhiteElo "2119"]
[BlackElo "2168"]
[PlyCount "79"]
[EventDate "2007.10.20"]

1. c4 Nf6 2. Nc3 c5 3. g3 e6 4. Nf3 d5 5. cxd5 exd5 6. d4 Be6 7. Bg2 Nc6 8. O-O
Be7 9. Bg5 cxd4 10. Nxd4 O-O 11. Nxe6 fxe6 12. Bh3 Qd6 13. Nb5 Qd7 14. Nd4 Nxd4
15. Qxd4 h6 16. Qe5 Kf7 17. Rac1 Rac8 18. Be3 Bd6 19. Qd4 b6 20. Bf4 Kg8 21.
Bxd6 Qxd6 22. Rfd1 Rxc1 23. Rxc1 Ne4 24. f3 Ng5 25. Bg2 e5 26. Qa4 Qe7 27. Qc6
Rd8 28. Qc7 Rd7 29. Qb8+ Rd8 30. Rc7 Qf6 31. Qxa7 e4 32. f4 Qd4+ 33. Kf1 Ne6
34. Rc1 Qxb2 35. Re1 Nd4 36. Qe7 Ra8 37. Qe5 Ra5 38. Bh3 Qb4 39. Rd1 Nc2 40.
Qe8+ 1-0

[Event "XIX Festival A"]
[Site "Arco ITA"]
[Date "2007.10.26"]
[Round "7"]
[White "Idili, Leonardo"]
[Black "Nicolodi, Raoul"]
[Result "0-1"]
[WhiteElo "1735"]
[BlackElo "1539"]
[PlyCount "104"]
[EventDate "2007.10.20"]

1. d4 d5 2. Nf3 Nf6 3. c4 c6 4. Nc3 g6 5. Bg5 Bg7 6. e3 O-O 7. Bd3 b6 8. O-O
Bb7 9. cxd5 cxd5 10. b4 Nbd7 11. Rc1 Rc8 12. Nb5 a6 13. Nc3 Re8 14. Qe2 Ne4 15.
Bxe4 dxe4 16. Nd2 f5 17. Rfd1 Rc6 18. Nc4 Qc8 19. Nd5 Bf8 20. Ncxb6 Nxb6 21.
Nxb6 Qc7 22. Rxc6 Qxc6 23. Nc4 Qb5 24. Kf1 Rc8 25. Ne5 Qxb4 26. Qd2 Qb5+ 27.
Qe2 Qxe2+ 28. Kxe2 Rc2+ 29. Rd2 Rxd2+ 30. Kxd2 Bd5 31. a3 e6 32. Nd7 Bxa3 33.
Nf6+ Kg7 34. Nxd5 exd5 35. Bd8 Bb4+ 36. Kc2 Be1 37. Bh4 h6 38. Kb3 Kf7 39. Ka4
Ke6 40. Bg3 Kd7 41. f3 Bxg3 42. hxg3 exf3 43. gxf3 Kc6 44. Ka5 Kb7 45. Ka4 Kb6
46. Kb4 a5+ 47. Ka4 h5 48. f4 Ka6 49. Kb3 Kb5 50. Ka3 a4 51. Kb2 Kb4 52. Ka2 a3
0-1

[Event "XIX Festival A"]
[Site "Arco ITA"]
[Date "2007.10.26"]
[Round "7"]
[White "Jensen, Leif"]
[Black "Rettore, Ludwig"]
[Result "0-1"]
[WhiteElo "2091"]
[BlackElo "2177"]
[PlyCount "80"]
[EventDate "2007.10.20"]

1. e4 e5 2. Nc3 Nf6 3. f4 d5 4. fxe5 Nxe4 5. Nf3 Be7 6. d4 O-O 7. Bd3 Nxc3 8.
bxc3 c5 9. O-O c4 10. Be2 Qa5 11. Bd2 Nc6 12. Ne1 f6 13. exf6 Bxf6 14. Bg4 Qb6
15. Be3 Qb2 16. Bxc8 Raxc8 17. Nf3 Qxc3 18. Bf2 b5 19. Rb1 a6 20. a4 bxa4 21.
Be1 Qe3+ 22. Bf2 Qc3 23. Be1 Qe3+ 24. Bf2 Qa3 25. Ra1 Qb4 26. Be1 c3 27. Bf2
Qc4 28. Re1 Rfe8 29. Rxe8+ Rxe8 30. Ra3 Qe2 31. Qxe2 Rxe2 32. Rxc3 Nb4 33. Ra3
Rxc2 34. Rxa4 Rc1+ 35. Be1 Bxd4+ 36. Nxd4 Rxe1+ 37. Kf2 Nd3+ 38. Kf3 Re4 39.
Rxa6 Ne5+ 40. Kf2 Rxd4 0-1